[Event "Hamburg-chT Landesliga 1617"]
[Site "Hamburg"]
[Date "2017.05.13"]
[Round "8.5"]
[White "Hort, Max"]
[Black "Woelk, Tom Frederic"]
[Result "1-0"]
[WhiteElo "1928"]
[BlackElo "2033"]
[PlyCount "79"]
[EventDate "2016.10.16"]
[EventType "team-tourn"]
[EventRounds "9"]
[EventCountry "GER"]
[SourceTitle "EXT 2022"]
[Source "ChessBase"]
[SourceDate "2021.10.06"]
[SourceVersion "1"]
[SourceVersionDate "2021.10.06"]
[SourceQuality "1"]
[WhiteTeam "Hamburg Koenigsspringer II"]
[BlackTeam "Hamburg Diogenes II"]
[WhiteTeamCountry "GER"]
[BlackTeamCountry "GER"]

1. e4 c5 2. c3 Nf6 3. e5 Nd5 4. d4 cxd4 5. Nf3 d6 6. cxd4 Nc6 7. Bc4 Nb6 8. Bb3 dxe5 9. d5 Nb4 10. Nxe5 N4xd5 11. Be3 Be6 12. Bxb6 Nxb6 13. Qxd8+ Rxd8 14. Bxe6 fxe6 15. Nc3 Nd5 16. Ne4 Nb4 17. Rc1 g6 18. Rc4 Nd3+ 19. Nxd3 Rxd3 20. Ke2 Rd5 21. Rc7 Rb5 22. b3 Bg7 23. f4 e5 24. Rd1 0-0 25. Rxe7 Rxf4 26. Ng5 Bf8 27. Rd8 e4 28. Ne6 Rf6 29. Nxf8 Rxf8 30. Rdd7 Rc8 31. Rg7+ Kf8 32. Rxh7 Ke8 33. Rhe7+ Kf8 34. Rxe4 Rc2+ 35. Rd2 Rxd2+ 36. Kxd2 Kf7 37. h4 Kf6 38. g4 Rd5+ 39. Ke2 Rd7 40. Kf3 1-0

[Event "GER-chT U16"]
[Site "Verden an der Aller"]
[Date "2009.12.27"]
[Round "2.4"]
[White "Lauer, Florian"]
[Black "Hort, Max"]
[Result "1/2-1/2"]
[WhiteElo "1678"]
[BlackElo "1850"]
[PlyCount "101"]
[EventDate "2009.12.27"]
[EventType "team-swiss"]
[EventRounds "7"]
[EventCountry "GER"]
[SourceTitle "EXT 2022"]
[Source "ChessBase"]
[SourceDate "2021.10.06"]
[SourceVersion "1"]
[SourceVersionDate "2021.10.06"]
[SourceQuality "1"]
[WhiteTeam "Koblenz VfR U16"]
[BlackTeam "Hamburg Koenigsspringer U16"]
[WhiteTeamCountry "GER"]
[BlackTeamCountry "GER"]

1. e4 e6 2. d4 d5 3. exd5 exd5 4. c4 c6 5. Bf4 Nf6 6. Nc3 Bf5 7. Nf3 Be7 8. Qb3 Qb6 9. Qxb6 axb6 10. cxd5 Nxd5 11. Nxd5 cxd5 12. Bb5+ Bd7 13. Bxd7+ Nxd7 14. 0-0 0-0 15. Rfe1 Rfe8 16. a3 b5 17. Re3 Bf6 18. Rb3 Ra4 19. Rxb5 Bxd4 20. Nxd4 Rxd4 21. Be3 Rde4 22. Rxd5 Nb6 23. Rb5 Nc4 24. Rxb7 Nxe3 25. fxe3 Rxe3 26. Rf1 h5 27. Rbxf7 Rb3 28. R7f2 Reb8 29. a4 Rxb2 30. Rxb2 Rxb2 31. Ra1 Rb6 32. a5 Ra6 33. Kf2 Kf7 34. Ke3 Ke7 35. Kd3 Kd7 36. Kc4 Kc8 37. Kb5 Kb7 38. Re1 Rg6 39. a6+ Ka7 40. Re7+ Ka8 41. g3 Rg5+ 42. Kc4 h4 43. gxh4 Rg4+ 44. Kc5 Rxh4 45. Rxg7 Rxh2 46. Kb6 Rh6+ 47. Kb5 Rh5+ 48. Kc4 Rh4+ 49. Kd5 Ra4 50. Rg8+ Ka7 51. Rg7+ 1/2-1/2

[Event "Hamburg-ch U14"]
[Site "Schoenhagen"]
[Date "2009.03.14"]
[Round "1"]
[White "Sander, Dan Allan"]
[Black "Hort, Max"]
[Result "0-1"]
[WhiteElo "1284"]
[BlackElo "1850"]
[PlyCount "116"]
[EventDate "2009.03.14"]
[EventType "swiss"]
[EventRounds "9"]
[EventCountry "GER"]
[SourceTitle "EXT 2010"]
[Source "ChessBase"]
[SourceDate "2010.11.25"]
[SourceVersion "1"]
[SourceVersionDate "2010.11.25"]
[SourceQuality "1"]

1. c4 Nf6 2. Nf3 Nc6 3. d4 e6 4. Nc3 Bb4 5. a3 Bxc3+ 6. bxc3 Ne7 7. Qc2 d5 8. Bf4 Ng6 9. Bg3 0-0 10. e3 Bd7 11. Bd3 Bc6 12. Nd2 dxc4 13. Nxc4 Bxg2 14. Rg1 Bd5 15. Ne5 Rc8 16. e4 Bc6 17. f3 Nxe5 18. Bxe5 Nh5 19. Qg2 Qh4+ 20. Kd2 f6 21. Bg3 Nxg3 22. hxg3 Qh6+ 23. Ke2 f5 24. e5 Qg5 25. Qh3 g6 26. Bc4 Rcd8 27. Rad1 Qe7 28. Ra1 Qd7 29. Qh6 Bxf3+ 30. Kxf3 Qc6+ 31. Kf2 Qxc4 32. Qe3 Qc6 33. Ke2 Rf7 34. Rgf1 Qb5+ 35. Qd3 Qxd3+ 36. Kxd3 Rdf8 37. Ke3 g5 38. Kf3 Kg7 39. Rab1 b6 40. c4 Rd7 41. Rbd1 Rfd8 42. Ke3 Kg6 43. g4 f4+ 44. Ke4 c6 45. Rh1 Rf7 46. Rh3 Rh8 47. Rdh1 h6 48. Rh5 f3 49. Ke3 Rf4 50. R5h3 f2 51. Rf1 Rd8 52. Rxf2 Rdxd4 53. Rxf4 Rxf4 54. Rf3 Rxf3+ 55. Kxf3 h5 56. a4 a6 57. Kg3 b5 58. cxb5 cxb5 0-1

[Event "GER-ch U12"]
[Site "Willingen"]
[Date "2007.05.30"]
[Round "7"]
[White "Ruehrmund, Daniel"]
[Black "Hort, Max"]
[Result "1/2-1/2"]
[WhiteElo "1818"]
[BlackElo "1337"]
[PlyCount "98"]
[EventDate "2007.05.26"]
[EventType "swiss"]
[EventRounds "11"]
[EventCountry "GER"]
[SourceTitle "CBM 118 Extra"]
[Source "ChessBase"]
[SourceDate "2007.07.04"]
[SourceVersion "1"]
[SourceVersionDate "2007.07.04"]
[SourceQuality "1"]

1. e4 e5 2. Nf3 Nc6 3. Bb5 a6 4. Ba4 d6 5. h3 f5 6. Nc3 Nf6 7. d3 Be7 8. 0-0 0-0 9. Bb3+ Kh8 10. Ng5 Qe8 11. Ne6 Bxe6 12. Bxe6 f4 13. a3 Nd4 14. Ba2 Qg6 15. f3 Nh5 16. Nd5 Bd8 17. c3 Ne6 18. d4 c6 19. Nb4 Bb6 20. Bxe6 Qxe6 21. Kh2 a5 22. Nc2 Rf6 23. d5 Qe7 24. dxc6 bxc6 25. Qd3 Rg6 26. b4 Qh4 27. Qd2 Be3 28. Nxe3 fxe3 29. Qc2 e2 30. Qxe2 Ng3 31. Qf2 Nxf1+ 32. Qxf1 Qg3+ 33. Kh1 axb4 34. cxb4 d5 35. exd5 cxd5 36. a4 Rf8 37. Qe2 e4 38. f4 e3 39. Bxe3 Re8 40. f5 Rxe3 41. Rc1 Kg8 42. Rc8+ Kf7 43. fxg6+ Ke7 44. Qxe3+ Qxe3 45. gxh7 Qe1+ 46. Kh2 Qe5+ 47. Kh1 Qe1+ 48. Kh2 Qe5+ 49. Kh1 Qe1+ 1/2-1/2

[Event "GER North-chT U16"]
[Site "Magdeburg"]
[Date "2006.08.27"]
[Round "4.2"]
[White "Hort, Max"]
[Black "Loewe, Lennard"]
[Result "1-0"]
[WhiteElo "1250"]
[BlackElo "1265"]
[PlyCount "112"]
[EventDate "2006.08.26"]
[EventType "team-tourn"]
[EventRounds "7"]
[EventCountry "GER"]
[SourceTitle "EXT 2007"]
[Source "ChessBase"]
[SourceDate "2006.11.23"]
[SourceVersion "1"]
[SourceVersionDate "2006.11.23"]
[SourceQuality "1"]

1. e4 c6 2. d4 d5 3. e5 Bf5 4. Nf3 e6 5. Bd3 Ne7 6. Be3 Nd7 7. Nc3 Nb6 8. Qd2 Bxd3 9. Qxd3 Nf5 10. 0-0 Be7 11. b3 0-0 12. Bf4 Nh4 13. Nxh4 Bxh4 14. Bg3 Bg5 15. Ne2 f6 16. f4 Bh6 17. Bh4 Nd7 18. Ng3 Qe8 19. exf6 Nxf6 20. Bxf6 Rxf6 21. f5 e5 22. dxe5 Qxe5 23. Rae1 Qd6 24. Nh5 Rff8 25. Re6 Qc7 26. Rfe1 Rf7 27. f6 g6 28. Ng3 Qb6+ 29. Kh1 Raf8 30. Qc3 Bg5 31. Rf1 Qd8 32. Nh5 Kh8 33. Qg3 Bxf6 34. Nxf6 Rxf6 35. Qe5 Qc7 36. Rfxf6 Qxe5 37. Rxf8+ Kg7 38. Rxe5 Kxf8 39. g3 Kf7 40. Kg2 Kf6 41. Re2 c5 42. Kf1 b5 43. Ke1 a5 44. Kd2 b4 45. c3 bxc3+ 46. Kxc3 Kf5 47. a3 h5 48. b4 cxb4+ 49. axb4 axb4+ 50. Kxb4 Kg4 51. Kc5 Kh3 52. Kxd5 g5 53. Ke5 h4 54. Kf5 hxg3 55. hxg3 Kxg3 56. Kxg5 Kf3 1-0

[Event "GER North-chT U16"]
[Site "Magdeburg"]
[Date "2006.08.26"]
[Round "2.2"]
[White "Hort, Max"]
[Black "Gussenberg, Torben"]
[Result "0-1"]
[WhiteElo "1250"]
[BlackElo "1184"]
[PlyCount "60"]
[EventDate "2006.08.26"]
[EventType "team-tourn"]
[EventRounds "7"]
[EventCountry "GER"]
[SourceTitle "EXT 2007"]
[Source "ChessBase"]
[SourceDate "2006.11.23"]
[SourceVersion "1"]
[SourceVersionDate "2006.11.23"]
[SourceQuality "1"]

1. e4 d5 2. exd5 Qxd5 3. Nc3 Qa5 4. d4 Nf6 5. Bd2 Qb6 6. Nf3 Bg4 7. Be3 Qa5 8. h3 Bh5 9. Be2 Nc6 10. Bd2 0-0-0 11. Ne4 Qb6 12. Nxf6 gxf6 13. Bc3 e5 14. d5 Bc5 15. 0-0 Ne7 16. b4 Be3 17. Bc4 e4 18. g4 Rhg8 19. Nh2 f5 20. a4 Bh6 21. a5 Qg6 22. a6 b6 23. Kh1 fxg4 24. Rg1 f5 25. Qe2 Nxd5 26. Bxd5 Rxd5 27. Rg2 Bf4 28. h4 Qf7 29. Nf1 g3 30. Qe1 Bf3 0-1